000 00715nam a2200205Ia 4500
003 GCL
008 140319s9999 xx 000 0 ara d
040 _aGCL /
_cGCL
082 0 4 _a620.197
_bا ق
100 1 _aانور محمود عبد الواحد
245 1 0 _aقصة الورق /
_cانور محمود عبد الواحد
260 _aالقاهرة :
_bدار الكاتب العربى للطباعة والنشر ،
_c1968
300 _a111 ص ؛
_c17 سم
490 _aالمكتبة الثقافية
_v203
650 0 4 _aالبردى
650 0 4 _aالحرف اليدوية
650 0 4 _aالكتابة - ادوات ومواد
650 0 4 _aالورق - صناعة وتجارة
942 _2ddc
_cBK
999 _c42123
_d42123